Véhicules des Sapeurs-Pompiers français. - Statistiques

Statistiques générales
  • Ce quiz a été pris 240 fois
  • Le résultat moyen est 5 sur 36
Statistiques - réponses
Abréviations Réponses % Correct
FPT Fourgon Pompe Tonne
70%
FPTL Fourgon Pompe Tonne Léger
43%
CCR Camion Citerne Rural
40%
VSM Véhicule Secours Médical
39%
VSR Véhicule Secours Routier
28%
BEA Bras Elévateur Aérien
27%
VTU Véhicule Tout Usage
23%
VPI Véhicule Première Intervention
22%
VTP Véhicule Transport Personnel
22%
VLHR Véhicule Léger Hors Route
21%
CCRL Camion Citerne Rural Léger
19%
VLTT Véhicule Léger Tout-Terrain
19%
FMoGP Fourgon Mousse Grande Puissance
15%
VSS Véhicule Soutien Sanitaire
15%
VLCG Véhicule Léger Chef de Groupe
14%
CCGC Camion Citerne Grande Capacité
13%
EPA Echelle Pivotante Aérienne
13%
VLI Véhicule Léger Infirmier
12%
VPCE Véhicule Porte CEllule
12%
VPC Véhicule Poste de Commandement
10%
CCRM Camion Citerne Rural Moyen
8%
MpR Motopompe Remorquable
8%
VCY Véhicule CYnotechnique
7%
VGRIMP Véhicule GRIMP
7%
VAR Véhicule Assistance Respiratoire
5%
CCF Camion Citerne Forestier
4%
CA Camion d'Appui
4%
EA Echelle Aérienne
4%
CCFL Camion Citerne Forestier Léger
3%
VLCC Véhicule Léger Chef de Colonne
3%
FPTSR Fourgon Pompe Tonne Sécurité Routière
2%
VSAV Véhicule de Secours et d'Assistance à la Victime
2%
VDA Véhicule Dévidoir Automobile
2%
CCFM Camion Citerne Forestier Moyen
1%
CCFS Camion Citerne Forestier Super
1%
VNOVI Véhicule de NOmbreuses VIctimes
0%
Aucun quiz correspondant
Distribution des résultats
% des personnes avec chaque résultat
Percentile par nombre de réponses
Votre historique - résultats
Vous n’avez pas pris ce quiz